Электромагнитные эффекты в радиодиапазоне, связанные с динамикой радиационных дефектов в диэлектриках; Международная конференция "Радиационно-термические эффекты и процессы в неорганических материалах", 22-25 сентября 1998 г., г. Томск

Dades bibliogràfiques
Parent link:Международная конференция "Радиационно-термические эффекты и процессы в неорганических материалах", 22-25 сентября 1998 г., г. Томск.— 1998.— С. 152-154
Autor principal: Коровкин М. В. Михаил Владимирович
Idioma:rus
Publicat: 1998
Matèries:
Format: Capítol de llibre
KOHA link:https://koha.lib.tpu.ru/cgi-bin/koha/opac-detail.pl?biblionumber=49459

MARC

LEADER 00000naa2a2200000 4500
001 49459
005 20240214103952.0
035 |a (RuTPU)RU\TPU\book\51780 
035 |a RU\TPU\tpu\9826 
090 |a 49459 
100 |a 20030401d1998 k y0rusy50 ca 
101 0 |a rus 
102 |a RU 
200 1 |a Электромагнитные эффекты в радиодиапазоне, связанные с динамикой радиационных дефектов в диэлектриках  |f М. В. Коровкин 
463 1 |0 (RuTPU)RU\TPU\book\8059  |t Международная конференция "Радиационно-термические эффекты и процессы в неорганических материалах", 22-25 сентября 1998 г., г. Томск  |o тезисы докладов  |f Томский политехнический университет  |v С. 152-154  |d 1998  |p 210 с. 
610 1 |a труды учёных ТПУ 
700 1 |a Коровкин  |b М. В.  |c геофизик  |c профессор Томского политехнического университета, доктор физико-математических наук  |c главный эксперт центра качества Томского технологического института  |f 1952-  |g Михаил Владимирович  |3 (RuTPU)RU\TPU\pers\26067  |9 11905 
801 1 |a RU  |b 63413507  |c 20021017  |g PSBO 
801 2 |a RU  |b 63413507  |c 20180629  |g PSBO 
942 |c BK